| 000 | 00673nam a2200265 a 4500 | ||
|---|---|---|---|
| 003 | AR-BaBNM | ||
| 005 | 20251128210923.0 | ||
| 008 | 082120s2002 ||||||||||||||000 | spa|| | ||
| 020 | _a987-9397-00-2 | ||
| 040 | _cAR-BaBNM | ||
| 100 | 1 | _aWalsh, María Elena | |
| 245 | 0 | 0 | _aPoemas y canciones |
| 260 |
_aBuenos Aires _bGrijalbo _c1999 |
||
| 300 | _a71 p. | ||
| 490 | 0 |
_aMitos. Poesía argentina _vv. 7 |
|
| 650 | 4 | _aLITERATURA ARGENTINA | |
| 650 | 4 | _aANTOLOGIAS | |
| 650 | 4 | _aPOESIA | |
| 650 | 4 | _aLITERATURA CONTEMPORANEA | |
| 653 | _aPOESIA INFANTIL | ||
| 655 | _aLITERATURA | ||
| 700 | 1 |
_aPomeraniec, Hinde _ecompilador |
|
| 942 | _cBK | ||
| 998 | _cMARTIN | ||
| 999 |
_c17464 _d17464 |
||